书目信息 |
| 题名: |
高考过关88问
|
|
| 作者: | 成秀虎 | |
| 分册: | ||
| 出版信息: | 北京 北京师范大学心理咨询中心 1994 |
|
| 页数: | 146页 | |
| 开本: | 20cm | |
| 丛书名: | ||
| 单 册: | ||
| 中图分类: | B849:G449 , B849 | |
| 科图分类: | ||
| 主题词: | 应用心理学 | |
| 电子资源: | ||
| ISBN: | 7-5029-1712-8 | |
| 000 | 00533nam0 2200193 450 | |
| 001 | 1570146790 | |
| 005 | 20150129192941.17 | |
| 010 | @a7-5029-1712-8@dCNY3.50 | |
| 100 | @a20070818d km y0chiy0120 ea | |
| 101 | 0 | @achi |
| 200 | 1 | @a高考过关88问@Agao kao guo guan 88 wen@f成秀虎@Fcheng xiu hu |
| 210 | @a北京@c北京师范大学心理咨询中心@d1994 | |
| 215 | @a146页@d20cm | |
| 606 | 0 | @a应用心理学 |
| 690 | @aB849:G449@v3 | |
| 690 | @aB849@v4 | |
| 701 | 0 | @a成秀虎@Acheng xiu hu |
| 801 | 0 | @aCN@bTSSF@c20150129 |
| 905 | @aZUCC@dB849@eJY34 | |
| 高考过关88问/成秀虎.-北京:北京师范大学心理咨询中心,1994 |
| 146页;20cm |
| ISBN 7-5029-1712-8:CNY3.50 |
| ● |
| 相关链接 |
|
|
|
|
正题名:高考过关88问
索取号:B849/JY34
 
预约/预借
| 序号 | 登录号 | 条形码 | 馆藏地/架位号 | 状态 | 备注 |
| 1 | 7847050 | 278470502 | 学院路分馆/ [索取号:B849/JY34] | 在馆 | |
| 2 | 7847051 | 278470511 | 学院路分馆/ [索取号:B849/JY34] | 在馆 |